• 首页
  • 本馆介绍
  • 公告通知
  • 最新文献
  • 馆藏检索
  • 电子资源
  • 读者导购
  • 参考咨询
  • 我的图书馆
  • 登录
  • 详细信息显示
  • 放入我的书架
  • 预约/预借图书
  • 作者相关作品
  • 分类相关作品
  • 丛书相关作品
  • 出版社相关作品

书目信息

  • 表格格式
  • 工作单格式
  • 卡片格式
书名: BKSTS dictionary of audio-visual terms
作者:
分册号:
分册名:
出版地: London ;
 
出版社: Focal Press
出版时间: 1983.
页数: 138 p. :
开本: 23 cm.
丛书名:
中图分类号:
科图分类号:
其他分类号: G431-61
主题词:
电子资源:
000 00777nam 2200241 a 4500
001 E0736771791
005 20070207101444.18
008 00000 eng
008 uu
010    @a85126602
020    @a0240512014.
049    @aN5LA
050 0  @aTS2301.A7 @bB57 1983
082 0  @a621.38/044/0321 @219
090    @aG431-61
099    @dG431-61@ex4
245 00 @aBKSTS dictionary of audio-visual terms
260 0  @aLondon ;@aBoston :@bFocal Press,@c1983.
300    @a138 p. :@bill. ;@c23 cm.
650  0 @aAudio-visual equipment @xDictionaries.
710 20 @aBritish Kinematograph Sound and Television Society.
740 01 @aDictionary of audio-visual terms. @b00 @c20020930 @lNLC09 @h2249 @lNLC09 @h2335 @lNLC09 @h1927
852 9  @bWWJC @cJ09 @k2G-85 @hTN912-61 @iB86
    
    BKSTS dictionary of audio-visual terms.-London ; ; Boston : : Focal Press, , 1983.
    138 p. : : ill. ; ; 23 cm.
    
    
    ISBN 0240512014.
    
●
相关链接 在E读中查询图书 在五车中查询图书 在当当中查询图书 在豆瓣中查询图书


正题名:BKSTS dictionary of audio-visual terms     索取号:G431-61/x4         预约/预借

序号 登录号 条形码 馆藏地/架位号 状态 备注
1 183295   001171895   第二样本阅览室/ [索取号:G431-61/x4] 在馆    
2 183296   001171939   第四借阅区/ [索取号:G431-61/x4] 在馆    
唐山师范学院图书馆 欢迎您!
大连网信软件有限公司© 版权所有